000 00374pam a2200157a 44500
008 230515b1976 xxu||||| |||| 00| 0 eng d
020 _aNULL
041 _aENGLISH
082 _a630
100 _a3370-1965
245 _aCODE OF PRACTICE FOR STRUCTURES FOR THE STORAGE OF LIQUIDS (P-II)
250 _a0
260 _aDELHI
_bISI
_c1976
300 _a14
650 _aNULL
999 _c652465
_d652465